<?xml version="1.0" encoding="UTF-8"?>
<record
    xmlns:xsi="http://www.w3.org/2001/XMLSchema-instance"
    xsi:schemaLocation="http://www.loc.gov/MARC21/slim http://www.loc.gov/standards/marcxml/schema/MARC21slim.xsd"
    xmlns="http://www.loc.gov/MARC21/slim">

  <leader>01852nab a2200277uuc4500</leader>
  <controlfield tag="001">1458167</controlfield>
  <controlfield tag="005">20250208091227.0</controlfield>
  <controlfield tag="008">170124s2016                        spa  </controlfield>
  <datafield tag="035" ind1=" " ind2=" ">
    <subfield code="a">1458167</subfield>
  </datafield>
  <datafield tag="040" ind1=" " ind2=" ">
    <subfield code="c">comduadb</subfield>
  </datafield>
  <datafield tag="041" ind1=" " ind2=" ">
    <subfield code="a">spa</subfield>
  </datafield>
  <datafield tag="100" ind1="1" ind2="0">
    <subfield code="a">Delgado Palacio, Yunieth</subfield>
    <subfield code="4">aut</subfield>
    <subfield code="e">aut</subfield>
    <subfield code="9">724605</subfield>
  </datafield>
  <datafield tag="245" ind1="1" ind2="3">
    <subfield code="a">La Responsabilidad Social Empresarial, una mirada a su aplicaci&#xF3;n en el sector transporte p&#xFA;blico automotor</subfield>
  </datafield>
  <datafield tag="260" ind1=" " ind2=" ">
    <subfield code="c">2016.</subfield>
  </datafield>
  <datafield tag="520" ind1="3" ind2=" ">
    <subfield code="a">RESUMEN: La Responsabilidad Social Empresarial, RSE, es uno de los conceptos modernos que ha adquirido mayor relevancia en los &#xFA;ltimos a&#xF1;os en el mundo, en tanto implica un compromiso de las organizaciones y empresas para el bienestar com&#xFA;n. Este art&#xED;culo, resultado de investigaci&#xF3;n, parte por identificar las pr&#xE1;cticas de RSE que aplica el sector transporte p&#xFA;blico automotor en el Valle de Aburr&#xE1;, conforme con las tres dimensiones de la Gu&#xED;a Global Reporting Initiative (GRI): econ&#xF3;mico, social y ambiental; para la cual se identificaron todas las empresas de transporte (buses) dedicadas a esta actividad y se evaluaron las pr&#xE1;cticas de RSE que aplican, en concordancia con la gu&#xED;a.</subfield>
  </datafield>
  <datafield tag="650" ind1=" " ind2=" ">
    <subfield code="a">Transporte p&#xFA;blico</subfield>
    <subfield code="9">46063</subfield>
  </datafield>
  <datafield tag="650" ind1=" " ind2="7">
    <subfield code="a">Desarrollo sostenible</subfield>
    <subfield code="2">lemb</subfield>
    <subfield code="9">113968</subfield>
  </datafield>
  <datafield tag="650" ind1=" " ind2=" ">
    <subfield code="a">Global Reporting Initiative (GRI)</subfield>
    <subfield code="9">200256</subfield>
  </datafield>
  <datafield tag="650" ind1=" " ind2="7">
    <subfield code="a">Responsabilidad social empresarial</subfield>
    <subfield code="2">armarc</subfield>
    <subfield code="9">217330</subfield>
  </datafield>
  <datafield tag="700" ind1="1" ind2="0">
    <subfield code="a">Herrera Cardona, Natalia</subfield>
    <subfield code="4">aut</subfield>
    <subfield code="e">aut</subfield>
    <subfield code="9">751173</subfield>
  </datafield>
  <datafield tag="700" ind1="1" ind2="0">
    <subfield code="a">Gall&#xF3;n Ruiz, Carlos Andr&#xE9;s</subfield>
    <subfield code="4">aut</subfield>
    <subfield code="e">aut</subfield>
    <subfield code="9">743204</subfield>
  </datafield>
  <datafield tag="700" ind1="1" ind2="0">
    <subfield code="a">&#xC1;lvarez Osorio, Martha Cecilia</subfield>
    <subfield code="4">aut</subfield>
    <subfield code="e">aut</subfield>
    <subfield code="9">525910</subfield>
  </datafield>
  <datafield tag="700" ind1="1" ind2="0">
    <subfield code="a">Mu&#xF1;oz Osorio, Lina Mar&#xED;a</subfield>
    <subfield code="4">aut</subfield>
    <subfield code="e">aut</subfield>
    <subfield code="9">801855</subfield>
  </datafield>
  <datafield tag="773" ind1="0" ind2=" ">
    <subfield code="t">En Contexto. Revista de Investigaci&#xF3;n en Administraci&#xF3;n, Contabilidad Econom&#xED;a y Sociedad (Medell&#xED;n)</subfield>
    <subfield code="g">Volumen 04, N&#xFA;mero 04, Enero-Junio de 2016, p&#xE1;ginas 77-99</subfield>
    <subfield code="w">1384398</subfield>
    <subfield code="x">2346-3279</subfield>
    <subfield code="0">701851</subfield>
  </datafield>
  <datafield tag="942" ind1=" " ind2=" ">
    <subfield code="c">ARIMP</subfield>
  </datafield>
  <datafield tag="999" ind1=" " ind2=" ">
    <subfield code="c">755724</subfield>
    <subfield code="d">755724</subfield>
  </datafield>
</record>
